[Event "ICS Rated blitz match"]
[Site "204.178.125.65"]
[Date "2000.08.28"]
[Round "?"]
[White "Hossa"]
[Black "QueenMaxima"]
[Result "0-1"]
[WhiteElo "2466"]
[BlackElo "2667"]
[PlyCount "118"]
[EventDate "2000.??.??"]

1. d4 e6 2. c3 c5 3. dxc5 Bxc5 4. b4 Be7 5. e4 a5 6. bxa5 Qxa5 7. Nf3 Nf6 8. e5
Ng4 9. Qd4 h5 10. Qe4 Nc6 11. Bf4 Nxf2 12. Kxf2 Qb6+ 13. Nd4 Nxd4 14. cxd4 Qb2+
15. Be2 Qxa1 16. Bc4 Qb2+ 17. Nd2 Qc3 18. Be3 Ra3 19. Bb3 b5 20. Nf3 Qb2+ 21.
Bd2 Ra7 22. Rb1 Qa3 23. Kg1 Bb7 24. Qd3 Bc6 25. Bc1 Qa6 26. Bf4 Qb7 27. Rc1 h4
28. Qf1 h3 29. Rc3 Bb4 30. Re3 hxg2 31. Qxg2 Rh4 32. Qg3 Rh7 33. Bc2 Rh5 34.
Bb3 Bd5 35. Bxd5 Qxd5 36. Qxg7 Rxa2 37. Qg8+ Bf8 38. Rc3 Qb7 39. Ne1 b4 40. Rc1
b3 41. Qg4 b2 42. Rb1 Qe4 43. Qd1 Qxf4 44. Qxh5 Qe3+ 45. Kf1 Ra1 46. Qh7 Rxb1
47. Qxb1 Qc1 48. Qe4 b1=Q 49. Qxb1 Qxb1 50. Kf2 Qb2+ 51. Kg3 Bh6 52. h4 Be3 53.
Kh3 Bf4 54. Ng2 Qa3+ 55. Ne3 Qxe3+ 56. Kg2 Qe2+ 57. Kg1 Be3+ 58. Kh1 Qf2 59. h5
Qg1# {Hossa checkmated} 0-1

[Event "ICS rated blitz match"]
[Site "204.178.125.65"]
[Date "2000.08.28"]
[Round "?"]
[White "PostModernist"]
[Black "Hossa"]
[Result "1-0"]
[WhiteElo "2625"]
[BlackElo "2458"]
[PlyCount "62"]
[EventDate "2000.??.??"]

1. d4 e6 2. Nf3 Nf6 3. Bg5 h6 4. Bh4 Nc6 5. e3 Bd6 6. Bd3 Nb4 7. e4 g5 8. e5
gxh4 9. exd6 Nxd3+ 10. Qxd3 cxd6 11. Nc3 h3 12. gxh3 d5 13. O-O-O Ke7 14. Rhe1
Qc7 15. Ne5 Qa5 16. Ng4 Ne4 17. Nxe4 dxe4 18. Qxe4 d6 19. d5 Qxa2 20. dxe6 fxe6
21. Qd4 Qa1+ 22. Kd2 Qa5+ 23. b4 Qg5+ 24. f4 Qg8 25. Kc1 Qf8 26. Qxd6+ Kf7 27.
Ne5+ Kf6 28. Qd4 Qd8 29. Qc3 Qf8 30. Nd7+ Ke7 31. Qc5+ Kf7 {Hossa resigns} 1-0

[Event "ICS rated standard match"]
[Site "204.178.125.65"]
[Date "2000.08.28"]
[Round "?"]
[White "PostModernist"]
[Black "Hossa"]
[Result "1-0"]
[WhiteElo "2452"]
[BlackElo "2295"]
[PlyCount "91"]
[EventDate "2000.??.??"]

1. e4 e6 2. d4 d5 3. e5 c5 4. c3 Nc6 5. Nf3 Bd7 6. a3 Nge7 7. b4 cxd4 8. cxd4
Nf5 9. Bb2 Be7 10. Bd3 Qb6 11. Bxf5 exf5 12. Nc3 Be6 13. O-O O-O 14. Qd3 Qc7
15. Rfc1 Qd7 16. Qe3 Rfe8 17. Ne1 a6 18. Na4 Qc7 19. Nc5 Bc8 20. Qg3 b6 21.
Ncd3 Bb7 22. Nc2 Qd7 23. Ne3 Rab8 24. Qh3 g6 25. Nf4 Na7 26. Qh6 Bf8 27. Qh4
Be7 28. Qh3 Bg5 29. Nd3 Ra8 30. Qg3 Be7 31. Nf4 Rac8 32. Qf3 Rcd8 33. Rc2 Nb5
34. Rac1 f6 35. e6 Qd6 36. a4 Qxb4 37. axb5 Qxb5 38. Qh3 Bd6 39. Rc7 h5 40.
Nxg6 Bxc7 41. Qxh5 Bxh2+ 42. Kxh2 Rxe6 43. Qh8+ Kf7 44. Rc7+ Rd7 45. Qh7+ Ke8
46. Qg8# {Hossa checkmated} 1-0

[Event "ICS rated standard match"]
[Site "204.178.125.65"]
[Date "2000.08.28"]
[Round "?"]
[White "Hossa"]
[Black "Andromeda"]
[Result "1-0"]
[WhiteElo "2286"]
[BlackElo "2315"]
[PlyCount "111"]
[EventDate "2000.??.??"]

1. d4 Nf6 2. c4 g6 3. Nc3 Bg7 4. Nf3 O-O 5. e4 d6 6. Be2 e5 7. dxe5 dxe5 8.
Qxd8 Rxd8 9. Bg5 Re8 10. O-O Nc6 11. Rfd1 Be6 12. Nd5 Bxd5 13. cxd5 Nd4 14. Bd3
c6 15. dxc6 Nxc6 16. Rac1 Rad8 17. h3 h6 18. Be3 Re7 19. Bc2 Rxd1+ 20. Rxd1 Rc7
21. g3 Nd4 22. Bxd4 Rxc2 23. Bxe5 Nxe4 24. Rd8+ Kh7 25. Rd7 Bxe5 26. Nxe5 Rxb2
27. Rxf7+ Kg8 28. h4 Rxa2 29. Rxb7 a5 30. Rb8+ Kg7 31. Rb7+ Kf6 32. Ng4+ Ke6
33. Nxh6 a4 34. Rb6+ Kd5 35. Ng4 Nd6 36. Nf6+ Ke5 37. Nd7+ Ke6 38. Nf8+ Kd5 39.
Nxg6 Ne4 40. h5 Nxf2 41. h6 Ne4 42. Nf4+ Kc5 43. h7 Ra1+ 44. Kh2 Ra2+ 45. Ng2
Kxb6 46. h8=Q Nc5 47. Qb8+ Kc6 48. Qe8+ Kb6 49. Qg6+ Ka5 50. Qf5 Kb4 51. Qb1+
Ka3 52. Kh3 Rb2 53. Qa1+ Kb3 54. Qf1 Kc3 55. Qf6+ Kb3 56. Qb6+ {
Andromeda resigns} 1-0

[Event "ICS rated standard match"]
[Site "204.178.125.65"]
[Date "2000.08.29"]
[Round "?"]
[White "Hossa"]
[Black "nitmo"]
[Result "1-0"]
[WhiteElo "2303"]
[BlackElo "1946"]
[PlyCount "62"]
[EventDate "2000.??.??"]

1. e4 e5 2. Nf3 Nc6 3. Bc4 Nf6 4. d4 exd4 5. O-O Nxe4 6. Re1 d5 7. Bxd5 Qxd5 8.
Nc3 Qh5 9. Nxe4 Be6 10. Bg5 Bd6 11. Nxd6+ cxd6 12. Bf4 Qd5 13. Ng5 O-O 14. Ne4
Rad8 15. a3 Ne5 16. Qh5 Ng6 17. Qxd5 Bxd5 18. Bd2 f5 19. Ng3 f4 20. Ne4 f3 21.
g3 Rfe8 22. Bg5 Rxe4 23. Bxd8 Re2 24. Rxe2 fxe2 25. f4 Be4 26. Kf2 Bxc2 27.
Kxe2 d3+ 28. Kd2 Kf7 29. Re1 d5 30. f5 Nf8 31. Re7+ Kg8 {nitmo resigns} 1-0

[Event "ICS rated blitz match"]
[Site "204.178.125.65"]
[Date "2000.08.29"]
[Round "?"]
[White "Hossa"]
[Black "MissSilicon"]
[Result "0-1"]
[WhiteElo "2449"]
[BlackElo "2726"]
[PlyCount "164"]
[EventDate "2000.??.??"]

1. d4 Nf6 2. c4 e6 3. Nf3 b6 4. g3 Bb7 5. Bg2 Bb4+ 6. Bd2 Be7 7. O-O O-O 8. Nc3
Nc6 9. e4 d5 10. cxd5 exd5 11. exd5 Nb4 12. Ne5 Nfxd5 13. Ne2 f6 14. Nc4 c5 15.
Bxb4 cxb4 16. Qb3 Rf7 17. Rfe1 Qd7 18. Qf3 Rc8 19. Ne3 Nxe3 20. Qxb7 Rc7 21.
Bc6 Qd6 22. Qb8+ Rf8 23. Be8 Nc2 24. Rac1 Qd8 25. Qxc7 Qxc7 26. Ba4 Qb7 27.
Rxc2 Bd6 28. Bc6 Qa6 29. Bd5+ Kh8 30. Nc1 Qb5 31. Be6 g6 32. f4 Re8 33. Re3 Kg7
34. h4 Qa4 35. Bb3 Qd7 36. Ree2 a5 37. Rxe8 Qxe8 38. Kf2 g5 39. hxg5 fxg5 40.
Ne2 gxf4 41. Nxf4 Bxf4 42. gxf4 Qe4 43. Rc7+ Kf8 44. Kg3 Qxd4 45. Rf7+ Ke8 46.
Ra7 h6 47. Kf3 Qd3+ 48. Kg4 Qg6+ 49. Kf3 Qh5+ 50. Kg3 Qe2 51. Bf7+ Kd8 52. Ra8+
Kc7 53. Ra7+ Kb8 54. Rd7 h5 55. f5 Qg4+ 56. Kh2 Qxf5 57. Rd8+ Ka7 58. Rf8 Qf4+
59. Kg2 h4 60. b3 h3+ 61. Kxh3 Qh6+ 62. Kg3 Qd6+ 63. Kg2 Qxf8 64. Bc4 Qf6 65.
Kg3 Qa1 66. Kf4 Qxa2 67. Bd3 Qxb3 68. Bb5 a4 69. Ke5 Qe3+ 70. Kf6 Qh6+ 71. Ke5
Qg5+ 72. Kd4 Qc5+ 73. Ke4 Qxb5 74. Kf4 b3 75. Ke4 Qe2+ 76. Kf5 b2 77. Kf6 b1=Q
78. Kg5 Qe5+ 79. Kg4 Qbe4+ 80. Kh3 Q4f5+ 81. Kg2 Qg4+ 82. Kf2 Qee2# {
Hossa checkmated} 0-1

[Event "ICS rated blitz match"]
[Site "204.178.125.65"]
[Date "2000.08.29"]
[Round "?"]
[White "MissSilicon"]
[Black "Hossa"]
[Result "0-1"]
[WhiteElo "2731"]
[BlackElo "2444"]
[PlyCount "170"]
[EventDate "2000.??.??"]

1. e4 e5 2. Nf3 Nc6 3. Nc3 Nf6 4. Bb5 Bb4 5. O-O O-O 6. d3 d6 7. Bg5 Bxc3 8.
bxc3 Qe7 9. Rb1 Nd8 10. Bc4 h6 11. Bh4 Bg4 12. h3 Be6 13. Nd2 Bxc4 14. Nxc4 Qe6
15. Qf3 g5 16. Bg3 Nd7 17. Qh5 Qg6 18. Qxg6+ fxg6 19. d4 Re8 20. f3 Nb6 21. Ne3
h5 22. dxe5 dxe5 23. Nd5 Nxd5 24. exd5 b6 25. Rfd1 Nf7 26. Kf2 h4 27. Bh2 Rad8
28. Ke2 Nd6 29. g4 e4 30. f4 e3 31. Rb3 Nc4 32. fxg5 Rf8 33. Bg1 c6 34. d6 Nxd6
35. Bxe3 Nc4 36. Rxd8 Rxd8 37. Bf4 Rf8 38. Bc1 b5 39. a4 a6 40. axb5 cxb5 41.
Rb1 Re8+ 42. Kf3 Re1 43. Ra1 a5 44. Kf2 Rd1 45. Rb1 a4 46. Ra1 Rh1 47. Kg2 Re1
48. Kf2 Re8 49. Bf4 a3 50. Kf3 Kf7 51. Rf1 Ke7 52. Ra1 Kd7 53. Kf2 Kc6 54. Kf3
Rf8 55. Ke4 Ra8 56. Bc1 Re8+ 57. Kf3 Re1 58. Kf2 Rh1 59. Kg2 Rd1 60. Kf2 a2 61.
Ke2 Rh1 62. Kf2 Rh2+ 63. Ke1 Rxh3 64. Kf1 Rh2 65. Rxa2 Rh1+ 66. Kg2 Rxc1 67.
Kh3 Rh1+ 68. Kg2 Re1 69. Kh3 Re3+ 70. Kxh4 Kc5 71. Ra6 Ne5 72. Ra3 Re4 73. Ra8
Rxg4+ 74. Kh3 Rxg5 75. Rd8 Kb6 76. Rb8+ Kc6 77. Rc8+ Kd6 78. Rb8 Nf3 79. Rb6+
Kc5 80. Re6 Nd2 81. Kh4 Rg1 82. Re2 Nb1 83. c4 Nc3 84. Re5+ Kxc4 85. Rg5 Rxg5 {
MissSilicon resigns} 0-1

[Event "ICS rated blitz match"]
[Site "204.178.125.65"]
[Date "2000.08.29"]
[Round "?"]
[White "Hossa"]
[Black "MissSilicon"]
[Result "1/2-1/2"]
[WhiteElo "2471"]
[BlackElo "2704"]
[PlyCount "173"]
[EventDate "2000.??.??"]

1. e4 e6 2. d4 d5 3. Nc3 Nf6 4. Bg5 Be7 5. e5 Nfd7 6. Bxe7 Qxe7 7. f4 O-O 8.
Qd2 c5 9. Nf3 Nc6 10. dxc5 f6 11. exf6 Qxf6 12. g3 Nxc5 13. O-O-O a5 14. Bb5
Na7 15. Be2 b6 16. Ne5 Bb7 17. Rhe1 Nc6 18. Bb5 Nxe5 19. Rxe5 Rac8 20. Rde1 Bc6
21. Bxc6 Rxc6 22. Qe2 Qg6 23. Kb1 h6 24. Qb5 Rd6 25. Qf1 Rdd8 26. Qf2 d4 27.
Ne4 Nd7 28. Rb5 e5 29. Rb3 Nf6 30. Nxf6+ Qxf6 31. Re4 exf4 32. Rxf4 Qc6 33.
Rff3 Rfe8 34. Rbd3 Re5 35. b3 Re4 36. Rf7 Qe6 37. Rb7 Re1+ 38. Kb2 Re2 39. Qf4
Rc8 40. Rc7 Rxc7 41. Qxc7 Rxh2 42. Rxd4 Re2 43. Rd8+ Kh7 44. Ka3 b5 45. Rc8 Qe3
46. Kb2 a4 47. Ka3 Qc1+ 48. Kb4 Re4+ 49. Ka5 Qd2+ 50. Qc3 Qxc3+ 51. Rxc3 axb3
52. axb3 Re5 53. b4 Kg6 54. Rc5 Re3 55. g4 Rg3 56. Kxb5 Rxg4 57. c4 h5 58. Ka6
h4 59. b5 h3 60. b6 h2 61. b7 h1=Q 62. b8=Q Qa1+ 63. Kb6 Qb2+ 64. Kc7 Qxb8+ 65.
Kxb8 Kf6 66. Kb7 g5 67. Kb6 Re4 68. Rc6+ Kf5 69. Rc8 g4 70. Rf8+ Ke5 71. Kc5 g3
72. Rg8 Kf4 73. Rxg3 Kxg3 74. Kd5 Re2 75. c5 Rd2+ 76. Ke6 Rc2 77. Kd6 Kh2 78.
c6 Rd2+ 79. Ke6 Rc2 80. Kd6 Rg2 81. c7 Rc2 82. Kd7 Rd2+ 83. Kc8 Kg3 84. Kb7
Rb2+ 85. Ka8 Rc2 86. Kb8 Rxc7 87. Kxc7 1/2-1/2

[Event "ICS rated standard match"]
[Site "204.178.125.65"]
[Date "2000.08.29"]
[Round "?"]
[White "Hossa"]
[Black "PostModernist"]
[Result "1/2-1/2"]
[WhiteElo "2307"]
[BlackElo "2461"]
[PlyCount "285"]
[EventDate "2000.??.??"]

1. d4 Nf6 2. c4 c5 3. d5 g6 4. Nc3 Bg7 5. e4 d6 6. Nf3 O-O 7. Be2 e6 8. O-O
exd5 9. exd5 Bg4 10. Qb3 b6 11. Re1 Re8 12. Be3 Qe7 13. Nd2 Nbd7 14. h3 Bxe2
15. Rxe2 Qf8 16. Rae1 Re7 17. Qc2 Rae8 18. Nb5 a6 19. Nc7 Rc8 20. Nxa6 Ra8 21.
Nc7 Rxa2 22. Qb3 Ra7 23. Nb5 Ra5 24. Bf4 Rxe2 25. Rxe2 Ra1+ 26. Nf1 Ne8 27. Bg5
Be5 28. Qd3 f6 29. Be3 f5 30. Bg5 f4 31. h4 Ng7 32. Qf3 Qf5 33. Na3 Nh5 34. Qb3
Qg4 35. Rd2 Rc1 36. Nb5 f3 37. Qxf3 Qxf3 38. gxf3 Rxc4 39. Ne3 Rb4 40. Nc3 Ndf6
41. Kh1 Kg7 42. Ng2 Rb3 43. Rc2 Bxc3 44. bxc3 Nxd5 45. c4 Nb4 46. Rd2 Nd3 47.
Ne3 h6 48. Be7 Nxf2+ 49. Rxf2 Ng3+ 50. Kh2 Rxe3 51. Bxd6 Nf5 52. Bf4 Rb3 53. h5
gxh5 54. Ra2 Rxf3 55. Bc7 Rb3 56. Ra7 Rb2+ 57. Kg1 Kf8 58. Ra6 Rb4 59. Bxb6
Rxc4 60. Ra5 Rg4+ 61. Kh2 Kf7 62. Bxc5 h4 63. Bb6 Ke6 64. Ra6 Kd5 65. Ra5+ Ke4
66. Ra4+ Kf3 67. Ra3+ Kf4 68. Ra4+ Kg5 69. Bd8+ Kh5 70. Ra5 Kg6 71. Ra6+ Kg7
72. Ra7+ Kg8 73. Bf6 Rg6 74. Bc3 Rg3 75. Bf6 h3 76. Be5 Rf3 77. Ra4 Ne3 78. Rf4
Nf1+ 79. Kg1 Nd2 80. Kh2 Kh7 81. Rg4 h5 82. Rg5 Kh6 83. Rg8 Nf1+ 84. Kh1 Ne3
85. Bd6 Ng4 86. Bc5 Rc3 87. Rh8+ Kg6 88. Rg8+ Kf5 89. Rf8+ Ke6 90. Bg1 Rc2 91.
Rh8 h2 92. Rxh5 hxg1=Q+ 93. Kxg1 Rb2 94. Rh3 Kf5 95. Rf3+ Ke4 96. Rf8 Ne3 97.
Re8+ Kd3 98. Rd8+ Kc3 99. Rc8+ Kd4 100. Kh1 Ke4 101. Kg1 Rg2+ 102. Kh1 Kf3 103.
Rf8+ Ke2 104. Re8 Rg5 105. Ra8 Kf3 106. Rf8+ Nf5 107. Kh2 Kf2 108. Kh3 Rg3+
109. Kh2 Rg2+ 110. Kh3 Rg5 111. Rf6 Kf1 112. Rf8 Rg3+ 113. Kh2 Rg2+ 114. Kh3
Rg5 115. Rf6 Ke2 116. Kh2 Ke3 117. Ra6 Kf2 118. Ra2+ Kf3 119. Ra8 Rg2+ 120. Kh3
Rg3+ 121. Kh2 Rg7 122. Rf8 Kf4 123. Rd8 Rg5 124. Rf8 Rg4 125. Rd8 Kf3 126. Rf8
Ke4 127. Re8+ Kf4 128. Rd8 Rg7 129. Rd1 Ke3 130. Ra1 Kf2 131. Ra2+ Kf1 132.
Ra1+ Ke2 133. Ra8 Kd3 134. Ra4 Rg8 135. Ra2 Ne3 136. Ra4 Ke2 137. Ra7 Kf3 138.
Rf7+ Ke4 139. Re7+ Kd4 140. Ra7 Nc4 141. Rd7+ Ke3 142. Rh7 Kf2 143. Rf7+
1/2-1/2

[Event "ICS rated blitz match"]
[Site "204.178.125.65"]
[Date "2000.08.29"]
[Round "?"]
[White "PostModernist"]
[Black "Hossa"]
[Result "1-0"]
[WhiteElo "2663"]
[BlackElo "2480"]
[PlyCount "159"]
[EventDate "2000.??.??"]

1. d4 c5 2. e4 cxd4 3. c3 Nc6 4. cxd4 d5 5. exd5 Qxd5 6. Nf3 Nf6 7. Be3 e6 8.
Nc3 Qa5 9. a3 Nd5 10. Bd2 Nxc3 11. Bxc3 Qd5 12. Bd3 Be7 13. Qc2 Bd7 14. O-O Rc8
15. Rfe1 h6 16. Rad1 Bf6 17. Be4 Qc4 18. d5 Ne7 19. Nd2 Qb5 20. d6 Ng8 21. Nf3
Qb6 22. Qd3 Bxc3 23. bxc3 Qb3 24. Rc1 b6 25. Ne5 Nf6 26. Nxd7 Kxd7 27. Bb7 Rc5
28. Qg3 Rg8 29. a4 Qxa4 30. Ra1 Qg4 31. Qe3 Kxd6 32. Rxa7 e5 33. Rb1 Ke6 34.
Rxb6+ Kf5 35. f3 Qf4 36. g4+ Nxg4 37. fxg4+ Qxg4+ 38. Bg2 f6 39. Qxc5 Qd1+ 40.
Bf1 Qg4+ 41. Kh1 Qe4+ 42. Bg2 Qe1+ 43. Qg1 Qxg1+ 44. Kxg1 h5 45. Bd5 Rd8 46. c4
Rh8 47. Rxg7 Rh6 48. Rb3 e4 49. Re3 Ke5 50. Rxe4+ Kd6 51. Rh4 Kc5 52. Rb7 Rh8
53. Bf7 Kc6 54. Ra7 Kb6 55. Rxh5 Rxh5 56. Bxh5 Kxa7 57. h4 Kb6 58. Be2 Kc5 59.
h5 f5 60. h6 Kd4 61. h7 Kc5 62. h8=Q f4 63. Qe5+ Kb6 64. c5+ Kb7 65. Qe7+ Kc6
66. Qf6+ Kd5 67. Bc4+ Ke4 68. Qxf4+ Kxf4 69. c6 Kg3 70. c7 Kf4 71. c8=Q Ke5 72.
Qd7 Ke4 73. Qe6+ Kd4 74. Kf2 Kc3 75. Qg4 Kc2 76. Qh3 Kd1 77. Qh8 Kc2 78. Qa1
Kd2 79. Qb2+ Kd1 80. Be2# {Hossa checkmated} 1-0

[Event "ICS rated blitz match"]
[Site "204.178.125.65"]
[Date "2000.08.29"]
[Round "?"]
[White "Hossa"]
[Black "LrGenius"]
[Result "1-0"]
[WhiteElo "2472"]
[BlackElo "2243"]
[PlyCount "93"]
[EventDate "2000.??.??"]

1. d4 Nf6 2. Bf4 g6 3. e3 Bg7 4. Nf3 O-O 5. Nc3 d5 6. h3 e6 7. Bd3 c5 8. Nb5
Na6 9. Nd6 Ne8 10. Nxc8 Rxc8 11. c3 Qb6 12. Qb3 Qc6 13. Bb5 Qb6 14. Be2 Qc6 15.
Ne5 Bxe5 16. Bxe5 c4 17. Qc2 Nd6 18. O-O f6 19. Bf4 Nc7 20. Bg4 f5 21. Bf3 Ne4
22. Be5 Ne8 23. h4 N8f6 24. Qe2 b5 25. Bf4 Qd7 26. Bh6 Rf7 27. h5 g5 28. Qd1
Kh8 29. Qc2 Rg8 30. Rfe1 Qe8 31. Rab1 g4 32. Be2 Nxh5 33. g3 Rf6 34. Bf4 Nxf4
35. exf4 Qh5 36. Bf1 Rh6 37. Bg2 Qh2+ 38. Kf1 Rh3 39. Re3 Rg6 40. Qe2 h5 41. b3
h4 42. bxc4 hxg3 43. Rxb5 gxf2 44. Rxh3+ gxh3 45. Qh5+ Kg7 46. Rb7+ Kf6 47.
Qh8+ {LrGenius resigns} 1-0

[Event "ICS Rated blitz match"]
[Site "204.178.125.65"]
[Date "2000.08.29"]
[Round "?"]
[White "LrGenius"]
[Black "Hossa"]
[Result "1-0"]
[WhiteElo "2236"]
[BlackElo "2479"]
[PlyCount "72"]
[EventDate "2000.??.??"]

1. e4 c6 2. d4 f5 3. exf5 Qa5+ 4. Nc3 Qxf5 5. Bd3 Qf7 6. Nf3 Nf6 7. Ne5 Qg8 8.
O-O d6 9. Nf3 Kd8 10. Re1 Kc7 11. Bf4 Bg4 12. h3 g5 13. Bg3 Bh5 14. Ne4 Nxe4
15. Rxe4 Nd7 16. c4 g4 17. hxg4 Bxg4 18. c5 Nf6 19. Re1 h5 20. Qa4 Bxf3 21.
Qa5+ Kd7 22. cxd6 Ke8 23. Qc7 Rh7 24. Bxh7 Qxh7 25. gxf3 Qg7 26. Re4 Rd8 27.
Rae1 Nxe4 28. Rxe4 Qg5 29. dxe7 Bxe7 30. Qxb7 Rd7 31. Qxc6 a5 32. Kh1 Qd5 33.
Qxd5 Rxd5 34. Bh4 Rd7 35. Kg2 Kf8 36. Bxe7+ Rxe7 {Hossa resigns} 1-0

[Event "ICS rated blitz match"]
[Site "204.178.125.65"]
[Date "2000.08.29"]
[Round "?"]
[White "Hossa"]
[Black "LrGenius"]
[Result "1-0"]
[WhiteElo "2453"]
[BlackElo "2262"]
[PlyCount "101"]
[EventDate "2000.??.??"]

1. c4 Nf6 2. Nc3 d5 3. cxd5 Nxd5 4. e4 Nxc3 5. bxc3 g6 6. d4 c5 7. Nf3 Bg7 8.
Bb5+ Bd7 9. Bxd7+ Qxd7 10. O-O O-O 11. Rb1 Qc7 12. Qb3 b6 13. Bg5 e6 14. Qc4
Nd7 15. Rbc1 Rfc8 16. Qe2 Qc6 17. Bf4 Qa4 18. e5 b5 19. h4 Nb6 20. h5 Nd5 21.
Bd2 cxd4 22. hxg6 hxg6 23. cxd4 Rc4 24. a3 Rac8 25. Qd3 a5 26. Ra1 Rc2 27. Rfb1
R8c4 28. g4 Nc3 29. Re1 Nd5 30. Rf1 Rb2 31. Rfb1 Rcc2 32. Rxb2 Rxb2 33. Kg2 Qc2
34. Qxc2 Rxc2 35. Bxa5 Bf8 36. Kg3 Nc3 37. Bxc3 Rxc3 38. Rb1 Bxa3 39. Rxb5 Bc1
40. Rc5 Bb2 41. Kg2 Kg7 42. g5 Kf8 43. Rb5 Rc2 44. Kg3 Kg7 45. Rb7 Ba1 46. d5
exd5 47. Ra7 Rc1 48. e6 d4 49. e7 d3 50. e8=Q d2 51. Rxf7# {LrGenius checkmated
} 1-0

[Event "ICS rated blitz match"]
[Site "204.178.125.65"]
[Date "2000.08.29"]
[Round "?"]
[White "LrGenius"]
[Black "Hossa"]
[Result "0-1"]
[WhiteElo "2254"]
[BlackElo "2461"]
[PlyCount "80"]
[EventDate "2000.??.??"]

1. e4 e5 2. Nf3 Nc6 3. Bb5 a6 4. Ba4 Nf6 5. O-O Be7 6. Re1 b5 7. Bb3 d6 8. c3
O-O 9. h3 Bb7 10. d4 Re8 11. Nbd2 Bf8 12. a4 h6 13. Bc2 exd4 14. cxd4 Nb4 15.
Bb1 c5 16. d5 Nd7 17. Ra3 f5 18. Rae3 Nf6 19. exf5 Be7 20. Ne4 Nfxd5 21. R3e2
Qd7 22. Nh2 bxa4 23. Bd2 a3 24. bxa3 Nc6 25. Bxh6 Nd4 26. Ba2 Nxe2+ 27. Rxe2
Qxf5 28. Ng4 Kh8 29. Ng3 Qf7 30. Rd2 gxh6 31. Bxd5 Bxd5 32. Nxh6 Qg6 33. Rxd5
Bf8 34. Ng4 Rab8 35. Rh5+ Kg7 36. Qa1+ Kf7 37. Rf5+ Ke7 38. Ne3 Rb3 39. Nd5+
Kd8 40. Qd1 Rxg3 {LrGenius resigns} 0-1

[Event "ICS rated standard match"]
[Site "204.178.125.65"]
[Date "2000.08.29"]
[Round "?"]
[White "Hossa"]
[Black "IamtheGame"]
[Result "1-0"]
[WhiteElo "2323"]
[BlackElo "1913"]
[PlyCount "21"]
[EventDate "2000.??.??"]

1. c4 Nf6 2. Nc3 g6 3. Nf3 Bg7 4. d4 d6 5. e4 O-O 6. Be2 e5 7. dxe5 dxe5 8.
Qxd8 Rxd8 9. Bg5 Nbd7 10. Rd1 Re8 11. Nb5 {IamtheGame resigns} 1-0

[Event "ICS rated blitz match"]
[Site "204.178.125.65"]
[Date "2000.08.29"]
[Round "?"]
[White "Hossa"]
[Black "MissSilicon"]
[Result "0-1"]
[WhiteElo "2468"]
[BlackElo "2728"]
[PlyCount "102"]
[EventDate "2000.??.??"]

1. e4 e5 2. Nf3 Nf6 3. Nxe5 d6 4. Nf3 Nxe4 5. d4 d5 6. Bd3 Be7 7. O-O Nc6 8.
Re1 Nd6 9. Bf4 Nb4 10. Be2 Bf5 11. Na3 Nc6 12. c3 Rb8 13. Nc2 O-O 14. Ne3 Be4
15. b3 Re8 16. a3 a6 17. a4 h6 18. Bd3 Bh4 19. Bxd6 cxd6 20. Nf5 Bf6 21. Ng3
Bxd3 22. Rxe8+ Qxe8 23. Qxd3 Na5 24. Qc2 Qc6 25. Nh5 Be7 26. Re1 Re8 27. Nf4 b5
28. axb5 Qxb5 29. Rb1 Rc8 30. b4 Nc4 31. Re1 Rc7 32. Qf5 Nb6 33. Re3 Nc4 34.
Nxd5 Nxe3 35. fxe3 Bd8 36. e4 Rb7 37. Nd2 Rb8 38. Qf3 a5 39. Nb3 a4 40. Nc1 Bg5
41. Ne2 a3 42. Ng3 Qa4 43. Qf1 a2 44. Qa1 Qc2 45. Qf1 Ra8 46. Nb6 a1=Q 47. Nxa8
Be3+ 48. Kh1 Qxf1+ 49. Nxf1 Qf2 50. Nxe3 Qe1+ 51. Nf1 Qxf1# {Hossa checkmated}
0-1

[Event "ICS rated standard match"]
[Site "204.178.125.65"]
[Date "2000.08.29"]
[Round "?"]
[White "josechess"]
[Black "Hossa"]
[Result "1-0"]
[WhiteElo "2288"]
[BlackElo "2326"]
[PlyCount "137"]
[EventDate "2000.??.??"]

1. Nf3 d5 2. b3 c5 3. e3 Nf6 4. Bb2 e6 5. Bb5+ Bd7 6. Qe2 Bxb5 7. Qxb5+ Qd7 8.
a4 Nc6 9. Ne5 Qc7 10. Nxc6 bxc6 11. Qe2 Bd6 12. d3 Be5 13. Bxe5 Qxe5 14. Ra2
O-O 15. Nd2 Rae8 16. O-O Rd8 17. f4 Qc3 18. Nf3 Qb4 19. Ne5 Qb7 20. Raa1 Rc8
21. Rf3 Qc7 22. Rh3 a5 23. Rf1 Ra8 24. Kh1 Rab8 25. g4 Rfe8 26. g5 Nd7 27. Nxd7
Qxd7 28. Qh5 Kf8 29. Qxh7 Ra8 30. Qh8+ Ke7 31. Qxg7 Rg8 32. Qf6+ Kf8 33. g6 Qe7
34. Qxf7+ Qxf7 35. gxf7 Kxf7 36. Rg1 Rh8 37. Rxh8 Rxh8 38. Rg5 Rh3 39. Re5 Rh4
40. Kg2 Rg4+ 41. Kf2 Rh4 42. Kg3 Rh8 43. h4 Rh7 44. h5 Kf6 45. Kg4 Kf7 46. Rg5
Kf8 47. Rg6 Ke7 48. h6 Rf7 49. Rg7 Rxg7+ 50. hxg7 Kf7 51. f5 Kxg7 52. fxe6 Kf6
53. e7 Kxe7 54. Kf5 c4 55. bxc4 dxc4 56. dxc4 Kd6 57. e4 Kc5 58. e5 Kb4 59. e6
Kxa4 60. e7 Kb4 61. e8=Q Kc5 62. Ke4 Kd6 63. Qe5+ Kd7 64. c5 Kc8 65. Qg7 a4 66.
Ke5 Kb8 67. Kd6 Ka8 68. Kxc6 Kb8 69. Qb7# {Hossa checkmated} 1-0

[Event "ICS rated blitz match"]
[Site "204.178.125.65"]
[Date "2000.08.29"]
[Round "?"]
[White "Hossa"]
[Black "Valg"]
[Result "1/2-1/2"]
[WhiteElo "2462"]
[BlackElo "2585"]
[PlyCount "219"]
[EventDate "2000.??.??"]

1. d4 Nf6 2. Bf4 g6 3. e3 Bg7 4. Nf3 d6 5. Bc4 O-O 6. O-O Nbd7 7. Bd3 Nd5 8.
Bg3 e5 9. Bh4 Qe8 10. dxe5 Nxe5 11. Nxe5 Qxe5 12. c3 Bf5 13. Bg3 Qe6 14. e4
Bxe4 15. Re1 f5 16. f3 Nf6 17. Nd2 d5 18. fxe4 fxe4 19. Nb3 Nh5 20. Bxc7 Qc6
21. Be2 Qxc7 22. Qxd5+ Kh8 23. Bxh5 Rf5 24. Qxe4 Rxh5 25. g3 Re5 26. Qb4 Rae8
27. Rxe5 Rxe5 28. Rf1 Bh6 29. Rf8+ Kg7 30. Rf3 Be3+ 31. Kh1 Qe7 32. Qxe7+ Rxe7
33. Kg2 Re4 34. Na5 Bb6 35. Nxb7 Re2+ 36. Kh3 Rxb2 37. a4 Rd2 38. c4 Bg1 39.
Rf1 Rxh2+ 40. Kg4 h5+ 41. Kf3 Rb2 42. Rxg1 Rxb7 43. Re1 Kf6 44. c5 Rb3+ 45. Kg2
Rc3 46. Rf1+ Kg5 47. Rf7 a5 48. Re7 Rxc5 49. Kh3 Kf5 50. Rf7+ Ke5 51. Rg7 Kf6
52. Ra7 Rd5 53. Ra6+ Kf5 54. Kg2 g5 55. Kh3 Ke4 56. Kg2 Rd2+ 57. Kh1 Rd5 58.
Kg2 Rd2+ 59. Kh1 h4 60. gxh4 gxh4 61. Rxa5 Kf4 62. Ra8 h3 63. Rf8+ Kg3 64. Rg8+
Kf3 65. Rh8 h2 66. Rh3+ Kg4 67. Rxh2 Rd1+ 68. Kg2 Ra1 69. a5 Rxa5 70. Rh1 Ra2+
71. Kf1 Kg3 72. Rh5 Ra1+ 73. Ke2 Rb1 74. Ra5 Rc1 75. Rb5 Kg2 76. Rd5 Ra1 77.
Rc5 Kh1 78. Rd5 Ra3 79. Re5 Kg1 80. Rf5 Ra1 81. Rf3 Kh1 82. Rg3 Rb1 83. Rf3 Kh2
84. Rf5 Rb4 85. Re5 Rb1 86. Rf5 Rb2+ 87. Kf1 Rc2 88. Rg5 Ra2 89. Rc5 Ra1+ 90.
Kf2 Ra2+ 91. Kf3 Ra1 92. Rd5 Kg1 93. Ke4 Kf1 94. Re5 Ke1 95. Rf5 Ra4+ 96. Kf3
Kd1 97. Rg5 Kc2 98. Rh5 Kb1 99. Rh3 Ka2 100. Rh2+ Ka1 101. Rh1+ Ka2 102. Rg1
Ra3+ 103. Ke2 Rb3 104. Kf1 Ka3 105. Rh1 Kb2 106. Rg1 Ra3 107. Rh1 Rb3 108. Rg1
Ra3 109. Rh1 Rb3 110. Rg1 1/2-1/2

[Event "ICS rated blitz match"]
[Site "204.178.125.65"]
[Date "2000.08.29"]
[Round "?"]
[White "Amateur"]
[Black "Hossa"]
[Result "0-1"]
[WhiteElo "2661"]
[BlackElo "2467"]
[PlyCount "106"]
[EventDate "2000.??.??"]

1. e4 e5 2. Nf3 Nc6 3. Bb5 a6 4. Ba4 Nf6 5. O-O Be7 6. Re1 b5 7. Bb3 d6 8. c3
O-O 9. h3 Na5 10. Bc2 c5 11. d4 Qc7 12. Nbd2 cxd4 13. cxd4 Bb7 14. Re3 Rac8 15.
Rc3 Qb6 16. d5 Rxc3 17. bxc3 Qc7 18. Bb2 Rc8 19. Bb3 Nd7 20. Rc1 Nb6 21. Qf1 f5
22. exf5 Nxb3 23. axb3 Bxd5 24. Ra1 Qb7 25. Re1 Rf8 26. Qd3 Qd7 27. Qe3 Bd8 28.
Ra1 Bb7 29. g4 Nd5 30. Qe1 Nf4 31. Qf1 Qf7 32. Ba3 Be7 33. Bb4 h5 34. Re1 hxg4
35. hxg4 Ra8 36. Rb1 a5 37. Ba3 Bc6 38. Ne1 Rf8 39. c4 bxc4 40. Qxc4 d5 41.
Qxc6 Bxa3 42. Ndf3 Qf6 43. Qc7 Bd6 44. Qxa5 e4 45. Nd2 Qh4 46. Nxe4 dxe4 47.
Ng2 Qxg4 48. Qd5+ Nxd5 49. Kf1 Qh3 50. Rb2 Rc8 51. Rd2 Rc1+ 52. Rd1 Rxd1+ 53.
Ke2 Qd3# {Amateur checkmated} 0-1

[Event "ICS rated standard match"]
[Site "204.178.125.65"]
[Date "2000.08.29"]
[Round "?"]
[White "Greeneyes"]
[Black "Hossa"]
[Result "0-1"]
[WhiteElo "2051"]
[BlackElo "2314"]
[PlyCount "62"]
[EventDate "2000.??.??"]

1. e4 e5 2. Nf3 Nc6 3. Bc4 Bc5 4. b4 Bxb4 5. c3 Ba5 6. d4 d6 7. O-O exd4 8.
cxd4 Nf6 9. Qa4 Bd7 10. e5 Nxe5 11. Bxf7+ Ke7 12. Qxa5 Nxf3+ 13. gxf3 Kxf7 14.
Bg5 Bh3 15. Re1 c5 16. Qb5 cxd4 17. Qxb7+ Qd7 18. Qb3+ Kg6 19. Bh4 Qf5 20. Bg3
Rab8 21. Qa3 Rb2 22. Rd1 Re2 23. Nd2 d5 24. Nf1 Bxf1 25. Kxf1 Rhe8 26. Kg2 R8e3
27. Qd6 Qxf3+ 28. Kg1 Rxa2 29. Rxa2 Qxd1+ 30. Kg2 Qf3+ 31. Kh3 Re4 {
Greeneyes resigns} 0-1